Statistics for Popularne kwiaty cz. 1

Click here to take the quiz!

General Stats

  • This quiz has been taken 22 times
  • The average score is 14 of 20

Answer Stats

Answer% Correct
tulipan
100%
słonecznik
95%
róża
95%
mak
85%
stokrotka
85%
krokus
85%
żonkil
80%
niezapominajka
80%
konwalia
80%
bratek
80%
chaber
75%
koniczyna
70%
dmuchawiec
65%
rumianek
60%
hiacynt
60%
malwa
60%
dalia
55%
aster
45%
peonia
30%
gerbera
30%

Score Distribution

Percentile by Number Answered

Percent of People with Each Score

Your Score History

You have not taken this quiz